000 00676cam a2200217 a 4500
001 11923777
005 20171215042540.0
008 000228s2001 maua 001 0 eng
010 _a 00026613
020 _a0201616726
040 _aDLC
_cDLC
_dDLC
041 _aeng
080 _a512.9
082 0 0 _a512.9 BIT
_221
100 _a36
101 _aMAT
245 0 0 _aCollege algebra :
_cMarvin L. Bittinger ... [et al.].
906 _a7
_bcbc
_corignew
_d1
_eocip
_f20
_gy-gencatlg
942 _2ddc
_cBK
999 _c38982
_d38982